World Border Quest Quiz Stats

 Plays Quiz Updated Jul 2, 2018

Challenge
Share
Tweet
Score 0/197 Timer 05:00
4 Plays Today
% Correct
98.9%
98.8%
98.5%
98.5%
98.4%
98.2%
98.2%
98%
98%
97.9%
97.8%
97.8%
97.7%
97.7%
97.7%
97.7%
97.6%
97.6%
97.5%
97.4%
97.4%
97.4%
97.3%
97.3%
97.3%
97.2%
97.2%
97.1%
97.1%
97.1%
96.9%
96.6%
96.6%
96.2%
96.2%
96.1%
96%
96%
95.9%
95.9%
95.8%
95.6%
95.6%
95.4%
95.3%
95.2%
95%
94.8%
94.8%
94.7%
94.7%
94.7%
94.6%
94.6%
94.6%
94.5%
94.5%
94.2%
94.2%
94%
94%
93.7%
93.7%
93.4%
93.3%
93.2%
% Correct
93%
92.9%
92.9%
92.8%
92.7%
92.6%
92.6%
92.6%
92.6%
92.6%
92.5%
92.4%
92.4%
92.2%
92%
92%
91.8%
91.4%
91.3%
91.1%
91.1%
90.7%
90.6%
90.5%
90.3%
90.1%
90%
90%
89.5%
89.5%
89.5%
89.3%
89.2%
89.2%
89.1%
89.1%
89%
89%
88.9%
88.9%
88.8%
88.8%
88.5%
88.1%
87.5%
87.5%
86.9%
86.8%
86.8%
86.7%
86.7%
86.2%
86.1%
85.9%
85.8%
85.7%
85.7%
85.6%
85.2%
84.9%
84.6%
84.2%
84.2%
84%
83.9%
83.4%
% Correct
83.2%
83.1%
83.1%
82.7%
82.4%
82.3%
81.2%
81.1%
80.7%
80.2%
80.1%
80.1%
80%
79.5%
79.3%
79%
78.4%
77.8%
77.3%
76.9%
76.8%
76.2%
74.9%
72.7%
71.8%
70.9%
68.4%
66.4%
66.3%
65.1%
64.1%
63.3%
63.3%
63.2%
61.9%
61.7%
60.3%
60.1%
59.4%
56.7%
54.4%
52.3%
51.8%
51.5%
51.3%
50.5%
50.4%
49.5%
49.2%
48.8%
48.4%
48.1%
47.1%
47%
46.2%
46.1%
46%
45.9%
45.3%
45.1%
44.9%
44.4%
43.6%
42.8%
42.8%

You're not logged in!

Compare scores with friends on all Sporcle quizzes.
OR
Log In

You Might Also Like...

Show Comments

Extras

Top Quizzes Today


Score Distribution

Your Account Isn't Verified!

In order to create a playlist on Sporcle, you need to verify the email address you used during registration. Go to your Sporcle Settings to finish the process.

Report this User

Report this user for behavior that violates our Community Guidelines.

Details: